Úspora materiálov a energie v strojárskej výrobe

Enregistré dans:
Détails bibliographiques
Format: Livre
Langue:slovaque
Publié: Bratislava Alfa 1988
Édition:1. vyd.
Collection:Edícia strojárskej literatúry
Tags: Ajouter un tag
Pas de tags, Soyez le premier à ajouter un tag!

MARC

LEADER 00000nam a2200000 4500
001 c035957
005 20250708085622.6
041 0 |a slo 
044 |a SK 
245 1 0 |a Úspora materiálov a energie v strojárskej výrobe  |c [Z nem. prel.] Bohuslav Križko 
250 |a 1. vyd. 
264 1 |a Bratislava  |b Alfa  |c 1988 
300 |a 308 s. 
490 1 |a Edícia strojárskej literatúry 
830 0 |a Edícia strojárskej literatúry